Men at Work - Down Under Lyrics - Statistics

General Stats
  • This quiz has been taken 296 times
  • The average score is 259 of 313
Answer Stats
Hint Answer % Correct
a
99%
Chorus "Do
99%
do
99%
down
99%
under
99%
under)
99%
I
98%
you
98%
You
98%
and
95%
And
95%
come
95%
from
95%
land
95%
me
95%
men
95%
He
94%
he
94%
Where
94%
said
92%
the
91%
women
91%
thunder
90%
(Thunder)
90%
thunder)
90%
of
88%
sandwich
88%
better
87%
in
87%
run
87%
She
87%
she
87%
take
87%
cover"
86%
cover
86%
gave
86%
hear
85%
full
84%
to
84%
Vegemite
84%
just
82%
my
82%
smiled
82%
language"
80%
man
80%
speak
79%
breakfast
77%
made
77%
muscle
77%
foot
76%
lady
76%
six
76%
met
75%
took
75%
nervous
74%
strange
73%
Brussels
72%
Can't
71%
can't
71%
(Can't
71%
four
71%
plunder
71%
was
71%
zombie
70%
trail
62%
glow
60%
head
60%
Ooh
56%
hippie
55%
Chorus "Oh
55%
(Oh
55%
on
55%
say
55%
out
54%
"Are
53%
are
53%
Bombay
51%
trying
51%
not
50%
Verse 1 Traveling
50%
Because
49%
chunder
49%
flow
49%
fried
49%
much
49%
plenty"
49%
tempt
49%
yeah"
49%
yeah
49%
yeah)
49%
(Yeah)
49%
we
46%
beer
43%
Kombi
42%
with
42%
bread
40%
Verse 2 Buying
38%
does
38%
living
33%
Living
33%
(Living
33%
den
32%
jaw
31%
slack
29%
Verse 3 Lying
24%
Cause
15%
No matching quizzes found
Score Distribution
Percent of People with Each Score
Percentile by Number Answered
Your Score History
You have not taken this quiz